NLSUI OPAC header image

Good Economics For Hard Times (Record no. 116008)

MARC details
000 -LEADER
fixed length control field 02111 a2200181 4500
003 - CONTROL NUMBER IDENTIFIER
control field OSt
005 - DATE AND TIME OF LATEST TRANSACTION
control field 20200921224615.0
008 - FIXED-LENGTH DATA ELEMENTS--GENERAL INFORMATION
fixed length control field 200302b2019 ||||| |||| 00| 0 eng
020 ## - INTERNATIONAL STANDARD BOOK NUMBER
International Standard Book Number 9789353450700
040 ## - CATALOGING SOURCE
Transcribing agency PB
082 ## - DEWEY DECIMAL CLASSIFICATION NUMBER
Classification number 330.9 BAN
100 ## - MAIN ENTRY--PERSONAL NAME
Personal name Abhijit Banerjee & Esther Duflo
245 ## - TITLE STATEMENT
Title Good Economics For Hard Times
260 ## - PUBLICATION, DISTRIBUTION, ETC.
Name of publisher, distributor, etc. Juggernaut
Date of publication, distribution, etc. 2019
505 ## - FORMATTED CONTENTS NOTE
Formatted contents note Book Description Juggernaut, 2019. Hardcover. Condition: New. 1st Edition. Winners Of The Nobel Prize In Economics 2019 Is opening up to international trade good for everybody? Do immigrants from poorer countries take away jobs from low-income native workers? Why is inequality exploding everywhere? Does redistribution actually undermine incentives? Should we worry about the rise of artificial intelligence or celebrate it? How do we manage the trade-off between growth and climate change? Is economic growth over in the West? Should we care? Figuring out how to deal with today s critical economic problems is the great challenge of our time. Much greater than space travel, perhaps even than curing cancer what is at stake is the whole idea of the good life and, perhaps, of liberal democracy itself. We have the resources to solve these problems; what we lack are ideas that will help us jump the wall of disagreement and distrust that divides us. Only if we can engage seriously in this quest, and if the best minds in the world work with governments and civil society to redesign our social programs for effectiveness and political viability, will history remember our era with gratitude. In this revolutionary book, renowned MIT economists Abhijit V. Banerjee and Esther Duflo take on this challenge, building on cutting-edge research in economics, explained with lucidity and grace. Original, provocative, and urgent,G ood Economics for Hard Times makes a persuasive case for intelligent interventions toward a society built on compassion and respect. It is an extraordinary book, one that will help us appreciate and understand our precariously balanced world.
650 ## - SUBJECT ADDED ENTRY--TOPICAL TERM
Form subdivision Globalization
General subdivision Economics
942 ## - ADDED ENTRY ELEMENTS (KOHA)
Source of classification or shelving scheme Dewey Decimal Classification
Koha item type BOOKs
Holdings
Withdrawn status Lost status Source of classification or shelving scheme Materials specified (bound volume or other part) Damaged status Not for loan Home library Current library Shelving location Date acquired Source of acquisition Total Checkouts Total Renewals Full call number Barcode Date last seen Date last checked out Price effective from Koha item type
    Dewey Decimal Classification PB     . . General Stacks 25.02.2020 Purchased 4 6 330.9 BAN 37997 18.01.2025 13.12.2024 25.02.2020 BOOKs